[Event "AUTO-MASTER-3190"]
[Site "http://www.queenalice.com/game.php?id=1825149"]
[Date "2023.11.14"]
[Round "1"]
[White "Redtom"]
[Black "jpribeiro"]
[Result "1-0"]
[WhiteElo "2067"]
[BlackElo "1976"]

1. Nf3 Nf6 2. c4 c5 3. d3 Nc6 4. Bg5 e5 5. Nc3 h6 6. Bh4 g5 7. Bg3 d6 8. e3 Bg7
9. d4 cxd4 10. exd4 exd4 11. Nxd4 Nxd4 12. Qxd4 Qe7+ 13. Be2 Nh5 14. Qd2 Nxg3
15. hxg3 O-O 16. O-O-O Re8 17. Bf3 1-0

[Event "AUTO-MASTER-3190"]
[Site "http://www.queenalice.com/game.php?id=1825162"]
[Date "2023.11.14"]
[Round "1"]
[White "andrevillares"]
[Black "Redtom"]
[Result "0-1"]
[WhiteElo "2185"]
[BlackElo "2034"]

1. d4 Nf6 2. c4 b6 3. Nc3 Bb7 4. Nf3 e6 5. Bg5 Be7 6. e3 O-O 7. Bd3 d5 8. O-O
Nbd7 9. Rc1 Rc8 10. Nb5 a6 11. Nc3 c5 12. Re1 dxc4 13. Bxc4 Bxf3 14. Qxf3 b5 15.
Bd3 c4 16. Bb1 Nd5 17. Bxe7 Nxe7 18. e4 Nf6 19. Rcd1 Re8 20. Qh3 h6 21. Re3 Ng6
22. e5 Nd5 23. Nxd5 Qxd5 24. Be4 Qd8 25. Qg3 Nh4 26. Qg4 Qg5 27. Qh3 Nf5 28.
Bxf5 Qxf5 29. Qh4 Qc2 30. Rde1 Qxb2 31. Rg3 Qd2 32. Rf1 Rcd8 33. Qg4 g6 34. Rd1
Qc2 35. h4 Qf5 36. Qe2 Rd7 37. Qe3 Red8 38. Qxh6 Rxd4 39. Re1 Rg4 40. Rxg4 Qxg4
41. Re3 Qh5 42. Qf4 Qf5 43. Qh6 Rd3 44. Rxd3 Qxd3 45. g3 c3 46. h5 c2 47. hxg6
fxg6 48. Kh2 Qf5 49. Kg2 Qe4+ 50. Kh2 b4 51. Qg5 Qd3 52. Qf6 Qf5 53. Qd8+ Kg7
54. Qe7+ Kh6 55. Qc5 a5 56. Qe3+ g5 57. Kg2 a4 58. f3 b3 59. axb3 axb3 60. f4 g4
61. Kf2 b2 0-1

[Event "AUTO-MASTER-3190"]
[Site "http://www.queenalice.com/game.php?id=1825163"]
[Date "2023.11.14"]
[Round "1"]
[White "Redtom"]
[Black "andrevillares"]
[Result "0-1"]
[WhiteElo "2090"]
[BlackElo "2131"]

1. Nf3 Nf6 2. d4 d5 3. Bg5 Ne4 4. Bh4 Bf5 5. e3 c5 6. Nbd2 Nc6 7. Bd3 Nxd2 8.
Qxd2 Bxd3 9. Qxd3 Qb6 10. O-O e6 11. a4 Bd6 12. c3 O-O 13. e4 cxd4 14. cxd4 dxe4
15. Qxe4 Rad8 16. Ng5 g6 17. Nxe6 Rde8 18. Qe3 Rxe6 19. Qd2 Nxd4 20. Rad1 Re4
21. Bf6 Ne2+ 22. Kh1 Bf4 23. Qd3 Rfe8 24. Qh3 Qxf6 0-1

[Event "AUTO-MASTER-3190"]
[Site "http://www.queenalice.com/game.php?id=1825172"]
[Date "2023.11.14"]
[Round "1"]
[White "Redtom"]
[Black "johnew"]
[Result "1-0"]
[WhiteElo "2050"]
[BlackElo "1871"]

1. Nf3 d5 2. d4 Nf6 3. Bg5 e6 4. e3 Be7 5. Bd3 Nbd7 6. O-O O-O 7. Nbd2 h6 8. Bh4
Nh5 9. Bxe7 Qxe7 10. Ne5 Nhf6 11. c3 Nxe5 12. dxe5 Nd7 13. Nf3 f6 14. Nh4 Nxe5
15. Bc2 Rd8 16. Qh5 Qf7 17. Ng6 Nxg6 18. Bxg6 Qe7 19. Rad1 Bd7 20. Bc2 Be8 21.
Qe2 c5 22. Qd3 f5 23. Rfe1 1-0

[Event "AUTO-MASTER-3190"]
[Site "http://www.queenalice.com/game.php?id=1825173"]
[Date "2023.11.14"]
[Round "1"]
[White "johnew"]
[Black "Redtom"]
[Result "0-1"]
[WhiteElo "1862"]
[BlackElo "2059"]

1. d4 g6 2. c4 Nf6 3. Nf3 d6 4. g3 Bg7 5. Bg2 O-O 6. O-O c6 7. Nc3 Qe8 8. e4 e5
9. dxe5 dxe5 10. Be3 Bg4 11. Bc5 Nbd7 12. Bxf8 Bxf8 13. a3 Rd8 14. Qc2 Qe6 15.
Nd2 Qd6 16. h3 Be6 17. Rad1 Qc7 18. b4 Nb6 19. c5 Nc4 20. Nxc4 Bxc4 21. Rxd8
Qxd8 22. Rd1 Qc7 23. Nb1 Be6 24. Nd2 Ne8 0-1

[Event "AUTO-OPEN-4487"]
[Site "http://www.queenalice.com/game.php?id=1825324"]
[Date "2023.11.16"]
[Round "1"]
[White "JailtonMaster"]
[Black "Redtom"]
[Result "1/2-1/2"]
[WhiteElo "1985"]
[BlackElo "2032"]

1. e4 g6 2. d4 Bg7 3. c4 Nc6 4. Nf3 d6 5. Be2 b6 6. Nc3 Bb7 7. O-O e5 8. d5 Nce7
9. b4 c6 10. Bb2 Nf6 11. Rc1 O-O 12. Nd2 cxd5 13. exd5 Nf5 14. Bf3 Nd4 15. Nce4
Nxe4 16. Nxe4 Nxf3+ 17. Qxf3 f5 18. Nc3 e4 19. Qe3 Qc7 20. Nb5 Qe7 21. Bxg7 Kxg7
22. Nd4 Bc8 23. Qc3 Kg8 24. Nc6 Qf7 25. f3 Bd7 26. Nd4 exf3 27. Nxf3 Qf6 28. Qd2
Rae8 29. Rfe1 Re4 30. Rxe4 fxe4 31. Nd4 a6 32. Qe3 Qf4 33. Qxf4 Rxf4 34. Rf1
Rxf1+ 35. Kxf1 Kf7 36. Kf2 Kf6 37. Ke3 Ke5 38. Ne2 g5 39. Nc3 Bf5 40. h3 h5 41.
g4 hxg4 42. hxg4 Bg6 43. a4 Be8 44. b5 axb5 45. cxb5 Bd7 46. Nxe4 Bxg4 47. Nxg5
Kxd5 48. Ne4 Bh3 49. Nc3+ Kc4 50. Ne4 d5 51. Nf6 Be6 52. Ne8 Kb4 53. Nc7 Bf7 54.
Na8 Kxa4 55. Nxb6+ 1/2-1/2

[Event "AUTO-OPEN-4487"]
[Site "http://www.queenalice.com/game.php?id=1825325"]
[Date "2023.11.16"]
[Round "1"]
[White "Redtom"]
[Black "JailtonMaster"]
[Result "1-0"]
[WhiteElo "2077"]
[BlackElo "1995"]

1. Nf3 d5 2. d4 Nf6 3. Bg5 e6 4. c4 Be7 5. e3 O-O 6. Nc3 c6 7. Bd3 dxc4 8. Bxc4
b5 9. Bd3 Bb7 10. O-O Nbd7 11. Qc2 a6 12. Rfe1 h6 13. Bh4 c5 14. Bxf6 Nxf6 15.
Ne5 cxd4 16. exd4 Rc8 17. Qe2 Qxd4 18. Rad1 Qb6 19. a3 Nd5 20. Nd7 Nxc3 21. bxc3
Qc6 22. Be4 Qxe4 23. Qxe4 Bxe4 24. Rxe4 Rfd8 25. Red4 Re8 26. R4d3 Rc7 27. Ne5
Rec8 28. Rd7 Rxd7 29. Rxd7 Rxc3 30. g3 Kf8 31. Ra7 Rxa3 32. Nc6 f6 33. Rxe7 e5
34. Ra7 Ra1+ 35. Kg2 Ra2 36. Nb4 1-0

[Event "AUTO-OPEN-4487"]
[Site "http://www.queenalice.com/game.php?id=1825350"]
[Date "2023.11.16"]
[Round "1"]
[White "Redtom"]
[Black "johndyson2"]
[Result "0-1"]
[WhiteElo "2058"]
[BlackElo "2405"]

1. Nf3 d5 2. d4 Nf6 3. Bg5 c5 4. e3 Ne4 5. Bh4 Qb6 6. b3 Nc6 7. c4 cxd4 8. exd4
e5 9. c5 Qb4+ 10. Nbd2 Nxd4 11. Nxd4 Qxd4 12. Bb5+ Bd7 13. Bxd7+ Kxd7 14. Qg4+
Kc6 15. Rd1 Nc3 0-1

[Event "AUTO-OPEN-4487"]
[Site "http://www.queenalice.com/game.php?id=1825351"]
[Date "2023.11.16"]
[Round "1"]
[White "johndyson2"]
[Black "Redtom"]
[Result "1-0"]
[WhiteElo "2426"]
[BlackElo "2079"]

1. e4 g6 2. d4 Bg7 3. c4 d6 4. Nc3 Nf6 5. Be2 O-O 6. Nf3 c6 7. O-O Nbd7 8. Be3
e5 9. d5 Nb6 10. a4 a5 11. c5 dxc5 12. Bxc5 Re8 13. dxc6 Qxd1 14. Rfxd1 Nxa4 15.
Rxa4 bxc6 16. b4 Nd7 17. Be3 Bf8 18. b5 Bb4 19. bxc6 Nf6 20. Nd5 Nxd5 21. exd5
Bg4 22. d6 Bxf3 23. Bxf3 e4 24. d7 exf3 25. dxe8=Q+ Rxe8 26. c7 1-0

[Event "AUTO-OPEN-4487"]
[Site "http://www.queenalice.com/game.php?id=1825352"]
[Date "2023.11.16"]
[Round "1"]
[White "Redtom"]
[Black "Takeda"]
[Result "0-1"]
[WhiteElo "2063"]
[BlackElo "2043"]

1. Nf3 g6 2. d4 Bg7 3. e4 d6 4. Bg5 f6 5. Be3 Bg4 6. h3 Be6 7. d5 Bf7 8. c4 c6
9. Nc3 Nd7 10. Qb3 Nc5 11. Qc2 cxd5 12. exd5 f5 13. Nd4 Nf6 14. f3 O-O 15. O-O-O
a6 16. g4 e5 17. dxe6 Nxe6 18. gxf5 Nxd4 19. Bxd4 b5 20. c5 b4 21. Ne4 Nxe4 22.
Bxg7 Kxg7 23. fxe4 Qg5+ 24. Kb1 dxc5 25. h4 Qe7 26. Be2 a5 27. h5 c4 28. h6+ Kg8
29. Bxc4 Rac8 30. Bxf7+ Qxf7 31. fxg6 hxg6 32. Qg2 Kh7 33. Rdf1 Qc4 34. Rfg1 Rc6
35. Rc1 Qd3+ 36. Ka1 Rfc8 37. Rxc6 Rxc6 38. Rg1 Qc2 39. Qh1 a4 40. Rd1 Rc7 41.
e5 a3 42. Rb1 b3 43. axb3 axb2+ 44. Rxb2 Ra7+ 0-1

[Event "AUTO-OPEN-4487"]
[Site "http://www.queenalice.com/game.php?id=1825353"]
[Date "2023.11.16"]
[Round "1"]
[White "Takeda"]
[Black "Redtom"]
[Result "1-0"]
[WhiteElo "2089"]
[BlackElo "2046"]

1. e4 g6 2. Nf3 Bg7 3. d4 Nf6 4. Nc3 e6 5. Bg5 h6 6. Bh4 g5 7. Nxg5 hxg5 8. Bxg5
d6 9. Qf3 Nbd7 10. O-O-O c6 11. e5 Bh6 12. Bxh6 Rxh6 13. exf6 Rxf6 14. Qh5 Nf8
15. Ne4 Rf5 16. Qe2 Qa5 17. Nxd6+ Kd7 18. Nxf5 Qxf5 19. g4 Qf4+ 20. Qe3 Ng6 21.
Qxf4 Nxf4 22. h4 Ke7 23. Kd2 Kf6 24. c4 Bd7 25. h5 Kg5 26. f3 Rd8 27. Ke3 Bc8
28. h6 Ng6 29. Rh5+ Kf6 30. g5+ Ke7 31. Bd3 Rh8 32. Rdh1 e5 33. Bxg6 exd4+ 34.
Kxd4 fxg6 35. R5h4 b6 36. Re1+ Kd6 37. Rhe4 c5+ 38. Kc3 Bf5 39. Rd1+ Kc6 40. Re7
a6 41. Ra7 a5 42. Rg7 b5 43. cxb5+ Kxb5 44. Rd6 a4 45. Rb7+ Ka5 46. Kc4 Bb1 47.
Rb5# 1-0

[Event "Joyeux Noël"]
[Site "http://www.queenalice.com/game.php?id=1827555"]
[Date "2023.12.18"]
[Round "-"]
[White "Rafale2000"]
[Black "Redtom"]
[Result "0-1"]
[WhiteElo "1983"]
[BlackElo "2071"]

1. c4 b6 2. Nc3 Bb7 3. e4 e6 4. Nf3 Bb4 5. Bd3 Ne7 6. O-O O-O 7. a3 Bxc3 8. bxc3
d5 9. cxd5 exd5 10. Qc2 dxe4 11. Bxe4 Bxe4 12. Qxe4 Nbc6 13. Ng5 g6 14. Qh4 h5
15. g4 Ne5 16. gxh5 Nf5 17. Qf4 Qxg5+ 18. Qxg5 Nf3+ 19. Kg2 Nxg5 20. d4 Ne4 21.
hxg6 fxg6 22. Bb2 Nd2 23. Rfe1 Nc4 24. Bc1 Rfe8 25. Bf4 Rxe1 26. Rxe1 Ncd6 27.
Bc1 Kf7 28. Bb2 Nc4 29. Bc1 Re8 30. Rxe8 Kxe8 31. Kf3 Nfd6 32. Ke2 a5 33. Kd3 b5
34. f3 Kf7 35. Kc2 Ke6 36. Kd3 Kd5 37. h3 Nf5 38. Ke2 c5 39. dxc5 Kxc5 40. Kd3
Kd5 41. Ke2 Ne5 42. f4 Nf7 43. Kf3 Kc4 0-1

[Event "Et Bonne Année"]
[Site "http://www.queenalice.com/game.php?id=1827556"]
[Date "2023.12.18"]
[Round "-"]
[White "Redtom"]
[Black "Rafale2000"]
[Result "0-1"]
[WhiteElo "2083"]
[BlackElo "1976"]

1. Nf3 Nf6 2. d4 e6 3. Bg5 d5 4. e3 Nbd7 5. c4 Be7 6. Nbd2 O-O 7. c5 c6 8. Bd3
Re8 9. O-O Qc7 10. Re1 Nf8 11. Ne5 N6d7 12. Bxe7 Rxe7 13. Ndf3 f6 14. Nxd7 Bxd7
15. b4 b6 16. a4 e5 17. dxe5 fxe5 18. Bc2 bxc5 19. bxc5 Bg4 20. h3 Be6 21. Rb1
Nd7 22. Bxh7+ Kxh7 23. Ng5+ Kg6 24. h4 Rh8 25. Nxe6 Rxe6 26. Qc2+ e4 27. g3 Ne5
28. Kg2 Nf3 29. Rh1 Ne5 30. Qe2 Nd3 31. Qg4+ Kf7 32. f4 Rg6 33. Qd1 Rb8 34. h5
Rh6 35. g4 g6 36. hxg6+ Rxg6 37. Rh7+ Rg7 38. Rxg7+ Kxg7 39. Qc2 Rb4 40. Qc3+ d4
41. Qa1 Rxb1 42. Qxb1 dxe3 43. Qa1+ Kg8 44. Qf6 Qxf4 45. Qe6+ Qf7 0-1

[Event "AUTO-MASTER-3200"]
[Site "http://www.queenalice.com/game.php?id=1830113"]
[Date "2024.1.25"]
[Round "1"]
[White "chessman"]
[Black "Redtom"]
[Result "0-1"]
[WhiteElo "2049"]
[BlackElo "2037"]

1. e4 d5 2. exd5 Nf6 3. Nc3 Nxd5 4. d4 e6 5. Nxd5 Qxd5 6. Nf3 Nc6 7. c4 Bb4+ 8.
Bd2 Bxd2+ 9. Qxd2 Qe4+ 10. Be2 O-O 11. O-O b6 12. Bd3 Qg4 13. Rfe1 Bb7 14. h3
Qh5 15. Bc2 Rad8 16. b3 e5 17. d5 Rfe8 18. Qe3 Nb4 19. Bd1 Qf5 20. Qe4 Qxe4 21.
Rxe4 f6 22. a3 Na6 23. b4 c6 24. dxc6 Bxc6 25. Re1 Bb7 26. Ba4 Re7 27. Red1 Rc8
28. Rac1 Rec7 29. Bb3 Kf8 30. Rd2 Nb8 31. Rcd1 Ke7 32. Nh4 g6 33. Nf3 Rd7 34.
Rxd7+ Nxd7 35. Kf1 f5 36. Nd2 Nf6 37. Nf3 e4 38. Ne1 f4 39. Nc2 Re8 40. Ba4 Rc8
41. Bb3 Ba6 42. b5 Bb7 43. Nb4 g5 44. Rd4 Rd8 45. Rxd8 Kxd8 46. Ke2 Kd7 47. a4
h5 48. Bc2 Ke6 49. f3 e3 50. Bd3 Nd7 51. Nc2 Nc5 52. Nb4 Nxa4 53. Ke1 Nc5 54.
Ke2 a5 55. bxa6 Nxa6 56. Nd5 Nc5 57. Nxb6 Nxd3 58. Kxd3 Kd6 59. Na4 Bc6 60. Nc3
Kc5 61. Ne4+ Kb4 62. Nxg5 Bd7 63. Ne4 Be6 64. g4 Bxc4+ 65. Kc2 hxg4 66. hxg4 Be2
67. g5 Bxf3 0-1

[Event "AUTO-MASTER-3200"]
[Site "http://www.queenalice.com/game.php?id=1830114"]
[Date "2024.1.25"]
[Round "1"]
[White "Redtom"]
[Black "chessman"]
[Result "0-1"]
[WhiteElo "2040"]
[BlackElo "2022"]

1. d4 d5 2. Nf3 Nf6 3. Bg5 e6 4. e3 Be7 5. Bd3 O-O 6. O-O c5 7. c3 Nc6 8. Re1 c4
9. Bc2 b5 10. Ne5 Nxe5 11. dxe5 Nd7 12. Bxe7 Qxe7 13. Qd4 Qc5 14. Nd2 a5 15. Nf3
Qxd4 16. exd4 b4 17. Ng5 h6 18. Nh3 Nb6 19. Re3 Bd7 20. Rg3 Kh8 21. Nf4 Ba4 22.
Rc1 b3 23. axb3 cxb3 24. Bd3 Nc4 25. Bxc4 dxc4 26. Nh5 g6 27. Nf6 Bc6 28. Ng4 a4
29. Nxh6 a3 30. bxa3 b2 31. Rb1 Rxa3 32. f4 Ra1 33. Rxa1 bxa1=Q+ 34. Kf2 Qb2+
0-1

[Event "AUTO-MASTER-3200"]
[Site "http://www.queenalice.com/game.php?id=1830131"]
[Date "2024.1.25"]
[Round "1"]
[White "Redtom"]
[Black "Canaye14"]
[Result "1-0"]
[WhiteElo "2030"]
[BlackElo "1876"]

1. e4 e6 2. Nc3 d5 3. exd5 exd5 4. f4 Nf6 5. Nf3 Bg4 6. Bb5+ c6 7. Be2 Be7 8. d3
Nbd7 9. O-O h6 10. Ne5 Bxe2 11. Qxe2 O-O 12. Qf3 Bc5+ 13. Kh1 a5 14. Ne2 Re8 15.
d4 Nxe5 16. fxe5 Ne4 17. Qxf7+ Kh8 18. dxc5 Nxc5 19. Qh5 Ne4 20. Bxh6 gxh6 21.
Qxh6+ Kg8 22. Rf7 Ng5 23. Qg7# 1-0

[Event "AUTO-MASTER-3200"]
[Site "http://www.queenalice.com/game.php?id=1830132"]
[Date "2024.1.25"]
[Round "1"]
[White "Canaye14"]
[Black "Redtom"]
[Result "0-1"]
[WhiteElo "1879"]
[BlackElo "2023"]

1. d4 f5 2. c4 Nf6 3. Nc3 g6 4. Bg5 Bg7 5. e3 O-O 6. Bd3 Qe8 7. Nge2 d6 8. Rc1
e5 9. d5 c6 10. e4 f4 11. Bxf6 Bxf6 12. f3 Bh4+ 13. Kd2 Na6 14. a3 Qd8 15. Kc2
Bf2 16. g3 Be3 17. Rb1 Bd7 18. gxf4 exf4 19. h4 Qa5 20. h5 b5 21. cxb5 cxb5 22.
Nc1 Rac8 23. Qe1 Qb6 24. Kd1 Qd4 25. N3e2 Rxc1+ 26. Nxc1 Bxc1 27. Rxc1 Qxd3+ 28.
Qd2 Qxf3+ 29. Kc2 Qxe4+ 30. Kb3 Qe3+ 31. Qxe3 fxe3 32. hxg6 hxg6 33. Rce1 Nc5+
34. Ka2 Rf3 35. b4 Ne4 36. Rh4 Nc3+ 37. Kb2 Nxd5 38. Reh1 Rf2+ 39. Kc1 e2 40.
Rh8+ Kf7 41. Re1 Nf4 42. Kd2 Rf1 43. Rh7+ Ke6 44. Rh1 Rxe1 45. Rxe1 g5 46. Rg1
Kf5 47. Rh1 g4 48. Rh7 Be6 49. Rh8 g3 50. Rf8+ Ke5 51. Rg8 g2 52. Rg5+ Ke4 53.
Rg7 Bf5 54. Rg8 Kf3 55. Rg7 Bg4 56. a4 g1=Q 0-1

[Event "AUTO-MASTER-3200"]
[Site "http://www.queenalice.com/game.php?id=1830133"]
[Date "2024.1.25"]
[Round "1"]
[White "Redtom"]
[Black "JailtonMaster"]
[Result "0-1"]
[WhiteElo "2053"]
[BlackElo "2003"]

1. d4 d5 2. Nf3 Nf6 3. Bg5 e6 4. e3 Be7 5. Bd3 O-O 6. O-O h6 7. Bh4 c5 8. c3 Nc6
9. Nbd2 b6 10. e4 dxe4 11. Nxe4 Bb7 12. Re1 Nxe4 13. Bxe7 Nxe7 14. Bxe4 Bxe4 15.
Rxe4 cxd4 16. Rxd4 Qc8 17. Ne5 Nf5 18. Rd7 Qc5 19. Qe2 a5 20. Rd3 Rfd8 21. Rad1
Rxd3 22. Rxd3 b5 23. Qe4 Rc8 24. Rd7 Nd6 25. Qf4 f6 26. Qg3 Ne8 27. Ng4 Qg5 28.
h4 Qg6 29. Qf3 Rc7 30. Rd8 Kh7 31. Qe2 e5 32. Ne3 b4 33. Nd5 Rc5 34. Ne7 Qf7 35.
Qe4+ g6 36. Rd7 Ng7 37. Qb7 Qf8 38. Qe4 Qe8 39. Rd5 Qxe7 0-1

[Event "AUTO-MASTER-3200"]
[Site "http://www.queenalice.com/game.php?id=1830134"]
[Date "2024.1.25"]
[Round "1"]
[White "JailtonMaster"]
[Black "Redtom"]
[Result "1-0"]
[WhiteElo "2021"]
[BlackElo "2035"]

1. e4 e6 2. d4 d5 3. exd5 exd5 4. Bd3 Bd6 5. Nf3 Bg4 6. O-O Nc6 7. Re1+ Nge7 8.
Bg5 f6 9. Bh4 O-O 10. c4 dxc4 11. Bxc4+ Kh8 12. h3 Bxf3 13. gxf3 Nxd4 14. Nc3
Qd7 15. Kg2 Nef5 16. Bg3 Nxg3 17. fxg3 Nf5 18. Ne4 Rad8 19. Nxd6 Qxd6 20. Qxd6
Rxd6 21. Re2 Rfd8 22. Rae1 g6 23. g4 Nd4 24. Re8+ Rxe8 25. Rxe8+ Kg7 26. Re7+
Kh6 27. Bg8 Kg5 28. Kg3 f5 29. h4+ Kf6 30. Rf7+ Ke5 31. Rxc7 f4+ 32. Kf2 Rb6 33.
Rc5+ Kf6 34. b3 Kg7 35. Bd5 Nc6 36. Rc4 Ra6 37. a4 Rb6 38. Rxf4 Ne5 39. Ke3 Rb4
40. Rxb4 1-0

[Event "AUTO-MASTER-3182"]
[Site "http://www.queenalice.com/game.php?id=1831157"]
[Date "2024.2.9"]
[Round "2"]
[White "CCapivara"]
[Black "Redtom"]
[Result "1/2-1/2"]
[WhiteElo "2256"]
[BlackElo "2018"]

1. e4 b6 2. d4 Bb7 3. f3 e6 4. Bd3 c5 5. c3 Nc6 6. Ne2 a5 7. O-O Nf6 8. Bg5 Be7
9. Nd2 O-O 10. Qe1 h6 11. Bh4 g5 12. Bg3 d6 13. f4 Ng4 14. Rf3 Ba6 15. Bxa6 Rxa6
16. h3 Nf6 17. Rd1 g4 18. hxg4 Nxg4 19. Nf1 h5 20. Ne3 f5 21. exf5 exf5 22. dxc5
bxc5 23. Nc1 Rb6 24. Nd3 h4 25. Bf2 Rf7 26. Nd5 Rb7 27. Qe6 Qd7 28. Nxe7+ Qxe7
29. Qd5 Nxf2 30. Kxf2 Qd7 31. Nxc5 dxc5 32. Qxd7 Rbxd7 33. Rxd7 Rxd7 34. Ke2 Rg7
35. Kf2 Rb7 36. b3 a4 37. c4 axb3 38. axb3 Nd4 39. Rh3 Rxb3 40. Rxh4 Rb2+ 41.
Kf1 Rc2 42. g4 Rxc4 43. gxf5 Nxf5 44. Rg4+ Kf7 45. Ke2 Kf6 46. Kd3 Rd4+ 47. Kc3
Ne3 48. Rg5 Rd5 49. Rxd5 Nxd5+ 1/2-1/2

[Event "AUTO-MASTER-3182"]
[Site "http://www.queenalice.com/game.php?id=1831158"]
[Date "2024.2.9"]
[Round "2"]
[White "Redtom"]
[Black "CCapivara"]
[Result "1/2-1/2"]
[WhiteElo "2028"]
[BlackElo "2252"]

1. e4 d6 2. Nc3 c6 3. f4 Nf6 4. Nf3 Bg4 5. d4 Nbd7 6. Be2 e5 7. O-O Be7 8. fxe5
dxe5 9. Nxe5 Nxe5 10. dxe5 Bxe2 11. Qxe2 Nd7 12. Bf4 O-O 13. Qg4 Nc5 14. Bh6 Ne6
15. Be3 Bc5 16. Bxc5 Nxc5 17. Rad1 Qe7 18. Rf3 Qxe5 19. Rf5 Qe7 20. e5 Rad8 21.
Rdf1 Ne6 22. Ne4 Rd4 23. Qf3 Rd5 24. Qg3 Kh8 25. Nd6 f6 26. exf6 gxf6 27. Rxd5
cxd5 28. Nf5 Qd7 29. Qh4 Ng5 30. Qd4 b6 31. Nh6 Kg7 32. Ng4 Qe6 33. b4 h5 34.
Ne3 Rd8 35. a4 Rd6 36. Nf5+ Kg6 37. Nxd6 Qxd6 38. c3 Ne4 39. Qd3 a5 40. bxa5
bxa5 41. Re1 f5 42. Rc1 h4 43. Qb5 Qf4 44. Rc2 Qe3+ 45. Kf1 Nd2+ 46. Rxd2 Qxd2
47. Qxa5 h3 48. gxh3 Qxh2 49. Qb6+ Kf7 50. Qb7+ Kf6 1/2-1/2

[Event "AUTO-MASTER-3182"]
[Site "http://www.queenalice.com/game.php?id=1831163"]
[Date "2024.2.9"]
[Round "2"]
[White "Redtom"]
[Black "Takeda"]
[Result "1-0"]
[WhiteElo "2018"]
[BlackElo "2015"]

1. d4 g6 2. Nf3 Bg7 3. Bg5 d6 4. e3 Bg4 5. Be2 Nc6 6. O-O Qd7 7. c4 O-O-O 8. Qa4
a6 9. Nc3 f6 10. Bh4 Nh6 11. b4 Nf5 12. Bg3 h5 13. h3 Nxg3 14. fxg3 Bxh3 15.
gxh3 Qxh3 16. Kf2 g5 17. Rh1 Qf5 18. e4 Qg6 19. b5 Nb8 20. bxa6 Nxa6 21. c5 dxc5
22. Bxa6 cxd4 23. Bxb7+ Kxb7 24. Rab1+ Kc8 25. Nd5 Qxe4 26. Nb6+ cxb6 27. Rhc1+
Kb7 28. Rxb6+ Kxb6 29. Rb1+ Kc5 30. Qa7+ Kd5 31. Qb7+ Ke6 32. Qxe4+ Kf7 33. Nxd4
Rd7 34. Qe6+ Ke8 35. Rb8+ Rd8 36. Nf5 Bf8 37. Qc6+ 1-0

[Event "AUTO-MASTER-3182"]
[Site "http://www.queenalice.com/game.php?id=1831164"]
[Date "2024.2.9"]
[Round "2"]
[White "Takeda"]
[Black "Redtom"]
[Result "1-0"]
[WhiteElo "2054"]
[BlackElo "2056"]

1. e4 b6 2. d4 Bb7 3. Nc3 e6 4. Nf3 c5 5. d5 exd5 6. exd5 Qe7+ 7. Be2 Qd6 8. O-O
Be7 9. Bg5 h6 10. Bxe7 Nxe7 11. Bc4 Ba6 12. Ne4 Qf4 13. Bxa6 Nxa6 14. Re1 O-O
15. Nxc5 Nxc5 16. Rxe7 Rae8 17. d6 Rxe7 18. dxe7 Re8 19. Qe2 Qf6 20. Re1 Qe6 21.
Qd2 Qc6 22. Ne5 Qc7 23. Nc4 Ne6 24. Nd6 Rxe7 25. f4 Kf8 26. Qb4 Qc5+ 27. Qxc5
bxc5 28. a3 Nd4 29. Rxe7 Kxe7 30. Nc8+ Ke6 31. Nxa7 Nxc2 32. Nb5 Kd5 33. Kf2 f6
34. Nc7+ Ke4 35. Ne8 Kxf4 36. Nxg7 Ke4 37. Nh5 Ke5 38. Ng3 Kd5 39. Ke2 Kc4 40.
Ne4 f5 41. Nd6+ Kb3 42. Nxf5 Kxb2 43. a4 c4 44. a5 Nb4 45. Ne3 c3 46. Kd1 d5 47.
Nc2 Na6 48. g4 Kb3 49. h4 Nc5 50. g5 hxg5 51. hxg5 Ka4 52. g6 1-0

[Event "AUTO-MASTER-3182"]
[Site "http://www.queenalice.com/game.php?id=1831165"]
[Date "2024.2.9"]
[Round "2"]
[White "Redtom"]
[Black "Guilherme_Ottoni"]
[Result "0-1"]
[WhiteElo "2026"]
[BlackElo "2219"]

1. e4 c5 2. Nc3 Nc6 3. f4 g6 4. Nf3 Bg7 5. Bc4 Na5 6. Be2 d6 7. O-O a6 8. d4
cxd4 9. Nxd4 Nf6 10. h3 Qc7 11. Be3 Nc4 12. Bxc4 Qxc4 13. Qd2 O-O 14. b3 Qc7 15.
Rac1 b5 16. Nd5 Nxd5 17. exd5 Bb7 18. Nf3 Bb2 19. Rcd1 Bc3 20. Qd3 Rac8 21. Bd4
Bxd4+ 22. Qxd4 Qxc2 23. Rd2 Qc5 24. g4 Qxd4+ 25. Rxd4 Rc7 26. Re1 Rfc8 27. f5
Rc1 28. fxg6 hxg6 29. Rd2 Rxe1+ 30. Nxe1 Rc5 31. Re2 Kf8 32. Rd2 Rxd5 33. Rxd5
Bxd5 34. Kf2 a5 35. Ke3 e6 36. Nd3 g5 37. Kd4 Bg2 38. Nf2 Ke7 39. a4 bxa4 40.
bxa4 Bc6 41. Ne4 Bxe4 42. Kxe4 f6 43. Kd4 Kd7 44. Ke4 d5+ 0-1

[Event "AUTO-MASTER-3182"]
[Site "http://www.queenalice.com/game.php?id=1831166"]
[Date "2024.2.9"]
[Round "2"]
[White "Guilherme_Ottoni"]
[Black "Redtom"]
[Result "1-0"]
[WhiteElo "2247"]
[BlackElo "2033"]

1. e4 d5 2. exd5 Nf6 3. d4 Bg4 4. f3 Bf5 5. g4 Bg6 6. c4 e6 7. dxe6 Bb4+ 8. Nc3
Qe7 9. d5 c6 10. Bd2 fxe6 11. dxe6 Qxe6+ 12. Qe2 Qxe2+ 13. Ngxe2 O-O 14. a3 Bd6
15. g5 Nh5 16. O-O-O Na6 17. b4 Rxf3 18. Nd4 Rf2 19. h4 Be5 20. Nce2 Bd3 21. Be3
Bxe2 22. Nxe2 Rf3 23. Bd4 Bxd4 24. Nxd4 Rxa3 25. b5 cxb5 26. cxb5 Ra1+ 27. Kd2
Rxd1+ 28. Kxd1 Nc5 29. Bc4+ Kh8 30. Kc2 g6 31. Re1 Rd8 32. Re7 Rxd4 33. Re8+ Kg7
34. Rg8# 1-0